Hải âu Tiểu thuyết tình báo Xô-viết
Đã lưu trong:
| 主要作者: | |
|---|---|
| 格式: | 图书 |
| 语言: | Undetermined |
| 出版: |
Hà Nội
Thanh Niên
|
| 主题: | |
| 标签: |
添加标签
没有标签, 成为第一个标记此记录!
|
| Thư viện lưu trữ: | Trung tâm Học liệu Trường Đại học Cần Thơ |
|---|
| LEADER | 00552nam a2200169Ia 4500 | ||
|---|---|---|---|
| 001 | CTU_32564 | ||
| 008 | 210402s9999 xx 000 0 und d | ||
| 082 | |a 891.743 | ||
| 082 | |b B618 | ||
| 100 | |a Nicolai Biriukov | ||
| 245 | 0 | |a Hải âu | |
| 245 | 0 | |b Tiểu thuyết tình báo Xô-viết | |
| 245 | 0 | |c Nicolai Biriukov, Hiền Trang, Nguyễn Nhất Thẩm | |
| 260 | |a Hà Nội | ||
| 260 | |b Thanh Niên | ||
| 650 | |a russian fiction - 20th centuery ( vietnamese ) | ||
| 980 | |a Trung tâm Học liệu Trường Đại học Cần Thơ | ||